[Event "Titled Tue 9th Sep 2025"]
[Site "chess.com INT"]
[Date "2025.09.09"]
[Round "6"]
[White "Nakamura,Hi"]
[Black "Steinberg,N"]
[Result "1-0"]
[WhiteElo "2807"]
[BlackElo "2554"]

1.c4 e6 2.Nf3 d5 3.e3 Nf6 4.b3 c6 5.Bb2 Nbd7 6.d4 Bb4+ 7.Nbd2 Ne4 8.a3 Bd6
9.g3 f5 10.Bg2 O-O 11.O-O Qf6 12.Qc2 g5 13.Ne1 h5 14.f3 Nxd2 15.Qxd2 Qh6
16.e4 fxe4 17.Bc1 h4 18.Qxg5+ Qxg5 19.Bxg5 hxg3 20.hxg3 exf3 21.Nxf3 Bxg3
22.Bh3 e5 23.Ra2 e4 24.Rg2 Ne5 25.dxe5 Bxh3 26.Rxg3 Bxf1 27.Bf6+ Kh7 28.Ng5+ Kh6
29.Kxf1 b5 30.Ne6 Rg8 31.Rh3+ Kg6 32.cxd5 cxd5 33.Nf4+ Kf5 34.Nxd5 Kg4 35.Rh4+ Kf3
36.Rf4+ Kg3 37.Rxe4 Rac8 38.Re3+ Kg4 39.Ke2 Rc2+ 40.Kd3 Rgc8 41.e6 Rc1 42.e7 Rd1+
43.Ke4 Re8 44.Bd4  1-0

[Event "Titled Tue 9th Sep 2025"]
[Site "chess.com INT"]
[Date "2025.09.09"]
[Round "7"]
[White "Maghsoodloo,Parham"]
[Black "Nakamura,Hi"]
[Result "0-1"]
[WhiteElo "2695"]
[BlackElo "2807"]

1.e4 e5 2.Nf3 Nc6 3.Bc4 Nf6 4.d3 Bc5 5.O-O h6 6.Nc3 d6 7.Be3 Bb6 8.a4 O-O
9.h3 Be6 10.Nd2 d5 11.exd5 Nxd5 12.Nxd5 Bxd5 13.Re1 Re8 14.Qg4 Re6 15.Bxd5 Qxd5
16.Qc4 Qd7 17.Nb3 Rg6 18.Kh1 Re8 19.a5 Bxe3 20.Rxe3 b6 21.axb6 axb6 22.Rae1 Ree6
23.c3 Ref6 24.R1e2 Rf4 25.Re4 Rf3 26.R4e3 Rf4 27.Qb5 Qf5 28.Kg1 Rf6 29.f3 Rg6
30.Kf1 Qg5 31.Nd2 Qg3 32.Rf2 Qh2 33.Re1 Rf5 34.Nc4 Rfg5 35.g4 Qxh3+ 36.Ke2 e4
37.Qa6 exf3+ 38.Kd2 Qg3 39.Ref1 Rf6 40.Ne3 Re5 41.d4 Re8 42.Nd5 Rfe6 43.Rxf3 Qxg4
44.Ne3 Qg5 45.Qd3 Ne5 46.dxe5 Rd8 47.Rf5 Rxd3+ 48.Kxd3 Qe7 49.Ng4 Rg6 50.Ne3 Qd7+
51.Kc2 Rg3 52.Rd1 Qe6 53.Rd8+ Kh7  0-1

[Event "Titled Tue 9th Sep 2025"]
[Site "chess.com INT"]
[Date "2025.09.09"]
[Round "8"]
[White "Nakamura,Hi"]
[Black "Moroni,L"]
[Result "1-0"]
[WhiteElo "2807"]
[BlackElo "2549"]

1.Nf3 d5 2.e3 Nf6 3.c4 e6 4.b3 b6 5.cxd5 exd5 6.d4 Bb7 7.Ba3 Nbd7 8.Bxf8 Nxf8
9.Nbd2 Ne6 10.b4 O-O 11.Rc1 Qe7 12.Qb3 Rfc8 13.Be2 c5 14.bxc5 bxc5 15.Qa3 Kf8
16.dxc5 Rxc5 17.Rxc5 Qxc5 18.Qb2 Qb6 19.Qa3+ Qc5 20.Qb2 Qb6 21.Nb3 d4 22.Qa3+ Kg8
23.Nfxd4 Nxd4 24.Nxd4 Qb1+ 25.Bd1 Bxg2 26.Rg1 Be4 27.f3 Bd5 28.Qd6 Kh8 29.a3 Re8
30.Kf2 Qd3 31.Qf4 Qd2+ 32.Ne2 h6 33.Qd4 Qxd4 34.Nxd4 Rb8 35.e4 Rb2+ 36.Ke3 Bc4
37.Nf5 g6 38.Nd6 Be6 39.f4 Rxh2 40.f5 gxf5 41.exf5 Ba2 42.Bf3 Rh3 43.Kf4 Rh2
44.Ke5 Nd7+ 45.Kf4 Nf6 46.Rc1 Rd2 47.Nb5 a6 48.Nc7 a5 49.Ke5 Nd7+ 50.Kf4 Nf6
51.Rc5 a4 52.Ra5 Bb3 53.Bc6 h5 54.Kg5 Kg7 55.Ra7 Rc2 56.Bf3 h4 57.Ne6+ Bxe6
58.fxe6 Rf2 59.Rxf7+ Kg8 60.Rxf6 h3 61.e7 Re2 62.Rf8+  1-0

[Event "Titled Tue 9th Sep 2025"]
[Site "chess.com INT"]
[Date "2025.09.09"]
[Round "9"]
[White "Firouzja,Alireza"]
[Black "Nakamura,Hi"]
[Result "1/2-1/2"]
[WhiteElo "2766"]
[BlackElo "2807"]

1.Nf3 d5 2.g3 g6 3.Bg2 Bg7 4.d4 Nd7 5.O-O Ngf6 6.c4 dxc4 7.a4 a5 8.Na3 Nb6
9.Ne5 c6 10.Naxc4 Nxc4 11.Nxc4 Be6 12.b3 Bd5 13.Bb2 Bxg2 14.Kxg2 O-O 15.Qc2 Nd5
16.Rfd1 Nb6 17.e4 Nxc4 18.bxc4 Qc7 19.Ra3 Rfd8 20.Rb3 e6 21.Bc3 Rd7 22.Qc1 Rad8
23.Qe3 b6 24.Rd2 h5 25.h4 Qa7 26.Kh2 Qa6 27.d5 Qxc4 28.Bxg7 Kxg7 29.Rd4 Qc5
30.Rc3 Qe7 31.Rxc6 exd5 32.Rxb6 Re8 33.Rxd5 Rxd5 34.exd5 Qxe3 35.fxe3 Rxe3
36.Rb5 Rd3 37.Kg2 Kf6 38.Rxa5 Ke5 39.Ra7 Ra3 40.Rxf7 Rxa4 41.d6 Rd4 42.d7 Ke6
43.Rg7 Kf6 44.Rh7 Ke6 45.Kf3 Rxd7 46.Rxd7 Kxd7 47.Kf4 Ke6 48.Kg5 Kf7 49.g4 hxg4
50.Kxg4 Kf6 51.h5 gxh5+ 52.Kxh5  1/2-1/2

[Event "Titled Tue 9th Sep 2025"]
[Site "chess.com INT"]
[Date "2025.09.09"]
[Round "10"]
[White "Nakamura,Hi"]
[Black "Drozdowski,K"]
[Result "1/2-1/2"]
[WhiteElo "2807"]
[BlackElo "2450"]

1.Nf3 d5 2.e3 c6 3.c4 Nf6 4.d4 a6 5.b3 Bg4 6.Nbd2 Nbd7 7.Qc2 e6 8.Bd3 c5
9.Bb2 Rc8 10.O-O Bxf3 11.Nxf3 Be7 12.Qe2 O-O 13.Rfd1 Qa5 14.a3 Rfd8 15.dxc5 dxc4
16.Bxc4 Qxc5 17.Nd4 Nf8 18.Rac1 Qh5 19.Qxh5 Nxh5 20.Be2 Nf6 21.Bf3 Rxc1 22.Rxc1 Nd5
23.Ne2 Ng6 24.g3 Kf8 25.Rd1 Rc8 26.Bxd5 Rc2 27.Bxb7 Rxb2 28.Bxa6 Bxa3 29.Rd8+ Ke7
30.Rb8 Ne5 31.Rb7+ Kf6 32.Nc3 g5 33.Rb5 Nf3+ 34.Kg2 g4 35.Bb7 Ne1+ 36.Kg1 Nd3
37.Ne4+ Ke7 38.Ba6 Rb1+ 39.Kg2 Ne1+ 40.Kf1 Nf3+ 41.Ke2 f5 42.Rb7+ Kd8 43.Nf6 Rb2+
44.Kf1 Rb1+ 45.Ke2 Rb2+ 46.Kd3 Rd2+ 47.Kc4 Ne5+ 48.Kb5 Rxf2 49.Nxh7 Be7 50.Rb8+ Kc7
51.Rb7+ Kd8 52.Rb8+ Kc7 53.Rc8+ Kd7 54.Rh8 Rb2 55.Ka4 Ra2+ 56.Kb5 Rb2 57.Ka4 Ra2+
58.Kb5 Rb2  1/2-1/2

[Event "Titled Tue 9th Sep 2025"]
[Site "chess.com INT"]
[Date "2025.09.09"]
[Round "11"]
[White "Carlsen,M"]
[Black "Nakamura,Hi"]
[Result "1-0"]
[WhiteElo "2839"]
[BlackElo "2807"]

1.d4 Nf6 2.Bf4 d5 3.e3 c5 4.c3 Nc6 5.Nd2 e6 6.Ngf3 cxd4 7.exd4 Nh5 8.Be3 Bd6
9.Bd3 Nf4 10.Bxf4 Bxf4 11.O-O Bd7 12.Re1 O-O 13.Qe2 Bc7 14.Rad1 Qe7 15.Nb3 Bd6
16.Ne5 Rae8 17.f4 f6 18.Nxd7 Qxd7 19.Qf3 Qc7 20.Qh3 f5 21.g3 Rf6 22.Re2 a6
23.Rde1 Qd7 24.Nd2 Nd8 25.Nf3 Nf7 26.Kh1 Bf8 27.g4 Rh6 28.Qg3 fxg4 29.Qxg4 Bd6
30.f5 Nd8 31.fxe6 Qe7 32.Ng5 Rf8 33.Bxh7+ Rxh7 34.Nxh7 Kxh7 35.Qh5+ Kg8 36.Qxd5 Rf6
37.c4 Rh6 38.c5 Bc7 39.Qd7 Qf6 40.Qxc7 Nxe6 41.Rxe6  1-0

[Event "Titled Tue 16th Sep 2025"]
[Site "chess.com INT"]
[Date "2025.09.16"]
[Round "1"]
[White "Nakamura,Hi"]
[Black "Mizzi,Jack"]
[Result "1-0"]
[WhiteElo "2807"]
[BlackElo "2129"]

1.b3 e5 2.Bb2 Nc6 3.e3 a6 4.Nf3 d6 5.d4 exd4 6.Nxd4 Nf6 7.Nxc6 bxc6 8.c4 Be6
9.Be2 d5 10.O-O Bd6 11.Nd2 h5 12.Nf3 h4 13.Qc2 Ne4 14.Rfd1 Rg8 15.Rac1 g5
16.Nd4 Bd7 17.cxd5 cxd5 18.Nc6 Qc8 19.Rxd5 f5 20.Bd3 Be6 21.Bxe4 fxe4 22.Qxe4 Kf7
23.Qh7+ Kf8 24.Rxd6 cxd6 25.Qe7+  1-0

[Event "Titled Tue 16th Sep 2025"]
[Site "chess.com INT"]
[Date "2025.09.16"]
[Round "2"]
[White "Souleidis,G"]
[Black "Nakamura,Hi"]
[Result "0-1"]
[WhiteElo "2418"]
[BlackElo "2807"]

1.e4 c6 2.Nc3 d5 3.Nf3 Bg4 4.h3 Bxf3 5.Qxf3 e6 6.d4 Nf6 7.a3 dxe4 8.Qe3 Nd5
9.Qxe4 Nxc3 10.bxc3 Nd7 11.Bd3 Nf6 12.Qf3 Be7 13.O-O O-O 14.Rd1 Qa5 15.a4 Rad8
16.Bd2 Rd7 17.c4 Qc7 18.Be3 Rfd8 19.c5 Nd5 20.a5 Bf6 21.a6 b5 22.cxb6 axb6
23.c4 Ne7 24.Be4 Ra8 25.Bf4 Qc8 26.Be5 Rxa6 27.Bxf6 Rxa1 28.Rxa1 gxf6 29.Qxf6 Qd8
30.Qg5+ Ng6 31.Qxd8+ Rxd8 32.Bxc6 Rxd4 33.Bb5 Nf4 34.Ra6 Rd6 35.h4 Nd3 36.g3 Nc5
37.Kg2 Nxa6 38.Bxa6 Rd2 39.Kf3 Kg7 40.Bb5 f5 41.Ke3 Rd8  0-1

[Event "Titled Tue 16th Sep 2025"]
[Site "chess.com INT"]
[Date "2025.09.16"]
[Round "3"]
[White "Nakamura,Hi"]
[Black "Chen,Ryo"]
[Result "0-1"]
[WhiteElo "2807"]
[BlackElo "2413"]

1.c4 Nf6 2.Nc3 g6 3.e4 d6 4.d4 Bg7 5.f3 O-O 6.Bg5 c5 7.d5 e6 8.Qd2 exd5 9.cxd5 a6
10.a4 Re8 11.Be2 Qc7 12.h4 Nbd7 13.Nh3 c4 14.Nf2 Nc5 15.Qc2 Nb3 16.Rd1 Nh5
17.O-O Qc5 18.e5 Bf5 19.Ne4 Bxe4 20.fxe4 Ng3 21.Bxc4 Nd4 22.Rxd4 Qxd4 23.exd6 Nxf1
24.Bxf1 h6 25.Be7 Qe5 26.Ng4 Qf4 27.Be2 Rec8  0-1

[Event "Titled Tue 16th Sep 2025"]
[Site "chess.com INT"]
[Date "2025.09.16"]
[Round "4"]
[White "Caprio,G"]
[Black "Nakamura,Hi"]
[Result "0-1"]
[WhiteElo "2435"]
[BlackElo "2807"]

1.Nf3 g6 2.d4 Bg7 3.c4 d6 4.Nc3 Nd7 5.e4 e5 6.dxe5 dxe5 7.Be3 Ngf6 8.h3 O-O
9.Be2 b6 10.O-O Bb7 11.Qc2 c6 12.a4 a5 13.c5 bxc5 14.Nd2 Ne8 15.Nb3 Qe7 16.Na2 c4
17.Bxc4 Nd6 18.Bd3 c5 19.Nxc5 Rfc8 20.Rac1 Nxc5 21.Bxc5 Bh6 22.Rcd1 Qe6 23.b4 axb4
24.Nxb4 Ra5 25.Bxd6 Rxc2 26.Bxc2 Bf8 27.Bxf8 Kxf8 28.Rb1 Qc4 29.Rfc1 Bxe4
30.Bd3 Qd4 31.Rc4 Qxc4 32.Bxc4 Bxb1 33.Bb5 Be4 34.f3 Bb7 35.Kf2 Ke7 36.Ke3 Kd6
37.Kd3 Ra8 38.Kc3 f5 39.Kb3 e4 40.fxe4 Bxe4 41.g3 Kc5  0-1

[Event "Titled Tue 16th Sep 2025"]
[Site "chess.com INT"]
[Date "2025.09.16"]
[Round "5"]
[White "Nakamura,Hi"]
[Black "Yeganegi,Barad"]
[Result "1-0"]
[WhiteElo "2807"]
[BlackElo "2386"]

1.c4 c5 2.Nc3 Nf6 3.e4 Nc6 4.g3 d6 5.Bg2 g6 6.Nge2 Bg7 7.d3 a6 8.O-O Rb8
9.a4 O-O 10.h3 Ne8 11.Be3 Nc7 12.d4 cxd4 13.Nxd4 Nxd4 14.Bxd4 b5 15.Bxg7 Kxg7
16.cxb5 axb5 17.a5 b4 18.Nd5 Ba6 19.Re1 Ne6 20.Qd2 b3 21.Nb4 Bb5 22.Qc3+ Kg8
23.Qxb3 Nd4 24.Qa3 Qc7 25.Nd5 Qa7 26.Qe3 Ra8 27.Nxe7+ Kg7 28.Nd5 Rfc8 29.Nb6 Nc2
30.Nxc8 Qxe3 31.Rxe3 Nxa1 32.Nxd6 Rxa5 33.b4 Ra4 34.Nxb5 Rxb4 35.Nd6 Nc2
36.Rc3 Nd4 37.Rc7 Rb1+ 38.Kh2 Rb2 39.Rxf7+ Kg8 40.e5 Nf5 41.Bd5 Rxf2+ 42.Kg1 Rd2
43.Nxf5 Rxd5 44.Ne7+ Kxf7 45.Nxd5 Ke6 46.Nf6 h5 47.Ne4 Kxe5 48.Ng5 h4 49.gxh4 Kf5
50.Kg2 Kf4 51.Kf2 Ke5 52.Kg3 Kf5 53.Kf3 Ke5 54.Kg4 Kd5 55.Nf3 Ke4 56.Ne1 Ke5
57.Kg5  1-0

[Event "Titled Tue 16th Sep 2025"]
[Site "chess.com INT"]
[Date "2025.09.16"]
[Round "6"]
[White "Nakamura,Hi"]
[Black "Tsaruk,Maksim"]
[Result "1/2-1/2"]
[WhiteElo "2807"]
[BlackElo "2509"]

1.c4 e5 2.Nc3 f5 3.g3 Nf6 4.Bg2 Bb4 5.Nd5 Be7 6.Nxe7 Qxe7 7.d3 O-O 8.Nf3 c5
9.b3 Nc6 10.Bb2 d6 11.O-O Bd7 12.e3 Rae8 13.Nd2 f4 14.exf4 exf4 15.Re1 Qxe1+
16.Qxe1 Rxe1+ 17.Rxe1 fxg3 18.hxg3 Re8 19.Rxe8+ Nxe8 20.a3 Kf7 21.Ne4 h6
22.Bc3 b6 23.b4 cxb4 24.axb4 a5 25.bxa5 bxa5 26.Kf1 a4 27.Ke2 Bg4+ 28.Kd2 Ne7
29.Bb4 d5 30.Nc5 dxc4 31.dxc4 Nd6 32.Kd3 Bf5+ 33.Kc3 g5 34.Nxa4 Ne4+ 35.Bxe4 Bxe4
36.Kd4 Bc6 37.Nc3 Nf5+ 38.Ke5 Kg6 39.Ne4 h5 40.Bd2 h4 41.Nxg5 hxg3 42.fxg3 Nxg3
43.Ne6 Ne2 44.c5 Ba4 45.Nd8 Ng1 46.Be3 Nf3+ 47.Kf4 Ng5 48.Ke5 Nf3+ 49.Kf4 Ne1
50.c6 Nd3+ 51.Ke4 Nb4 52.c7 Bd7 53.Ke5 Bc8 54.Kd6 Kf6 55.Nc6 Nxc6 56.Kxc6 Ke6
57.Kb6 Kd7 58.Bf4 Ke6 59.Bg3 Kd5 60.Ka7 Kc6 61.Kb8 Be6 62.Bh2 Bd7 63.Bg1 Be6
64.c8=Q+ Bxc8  1/2-1/2

[Event "Titled Tue 16th Sep 2025"]
[Site "chess.com INT"]
[Date "2025.09.16"]
[Round "7"]
[White "Ahmad,Khagan"]
[Black "Nakamura,Hi"]
[Result "1-0"]
[WhiteElo "2458"]
[BlackElo "2807"]

1.Nf3 g6 2.c4 Bg7 3.Nc3 d6 4.d4 Nf6 5.e4 O-O 6.Be2 Nbd7 7.O-O e5 8.Re1 Re8
9.Bf1 h6 10.a3 a5 11.dxe5 dxe5 12.Be3 Bf8 13.Qc2 Ng4 14.Bd2 Nc5 15.h3 Nf6
16.Be3 c6 17.b4 axb4 18.axb4 Rxa1 19.Rxa1 Na6 20.c5 Nxb4 21.Qa4 Na6 22.Bxa6 bxa6
23.Qxc6 Re6 24.Qa4 Bb7 25.Qb3 Qa8 26.Nd2 Nxe4 27.Ndxe4 Bxe4 28.Nxe4 Qxe4
29.Rd1 Qa8 30.Rd7 a5 31.Rb7 a4 32.Qb5 Qe8 33.Qxe8 Rxe8 34.Ra7 Rc8 35.Rxa4 Kg7
36.Rc4 Kf6 37.Kf1 Ke6 38.Rc2 h5 39.g4 hxg4 40.hxg4 Rc6 41.g5 Be7 42.Ke2 Kd5
43.Rd2+ Ke6 44.Rc2 Rc8 45.c6 Bd6 46.Bb6 Bc7 47.Bxc7 Rxc7 48.Ke3 Kd5 49.Rd2+ Ke6
50.Rc2 Kd5 51.Rd2+ Kxc6 52.Ke4 Re7 53.Rd5 Ra7 54.Kxe5 Kc7 55.Kf6 Kc6 56.Re5 Kd6
57.Re3 Rb7 58.Rd3+ Kc5 59.f4 Kc4 60.Re3 Kd5 61.Re7 Rb4 62.Kxf7 Rxf4+ 63.Kxg6 Kd6
64.Rf7 Rh4 65.Kf5 Rh1 66.Kg6 Rg1 67.Rf6+ Ke7 68.Rf5 Re1 69.Kg7 Ke6 70.Rf6+ Ke5
71.g6 Rh1 72.Kf7 Ra1 73.g7 Rg1 74.Re6+ Kd5 75.Rf6 Ke5 76.Rg6 Rf1+ 77.Ke7 Ra1
78.g8=Q Ra7+ 79.Kf8 Ra8+ 80.Kg7 Rxg8+ 81.Kxg8 Ke4 82.Kf7 Kf5 83.Rf6+ Ke5
84.Ke7 Kd5 85.Rf5+ Kd4 86.Ke6 Ke4 87.Re5+ Kd4 88.Kd6 Kc4 89.Re4+ Kc3 90.Kd5 Kd3
91.Re5 Kc3 92.Re3+ Kb4 93.Rd3 Ka4 94.Kc5 Ka5 95.Ra3+  1-0

[Event "Titled Tue 16th Sep 2025"]
[Site "chess.com INT"]
[Date "2025.09.16"]
[Round "8"]
[White "Nakamura,Hi"]
[Black "Feuerstack,A"]
[Result "1-0"]
[WhiteElo "2807"]
[BlackElo "2452"]

1.d4 d5 2.c4 c6 3.Nc3 Nf6 4.Nf3 g6 5.Bf4 Bg7 6.e3 O-O 7.Rc1 Bg4 8.h3 Bxf3
9.Qxf3 a6 10.Bd3 dxc4 11.Bxc4 Nbd7 12.O-O Qa5 13.Rfd1 e5 14.Bh2 Rfe8 15.Ne4 Re7
16.Nd6 exd4 17.Rxd4 Nb6 18.Bb3 Nfd5 19.Rd3 Rf8 20.e4 Bxb2 21.Rcd1 Bg7 22.Bg3 Nc3
23.R1d2 Nca4 24.Bh4 Rd7 25.Ne8 Rxd3 26.Rxd3 Nc5 27.Nxg7 Nxd3 28.Nf5 Qe1+
29.Kh2 Qc3 30.Nh6+ Kg7 31.Ng4 Nd7 32.Be7 N7e5 33.Bf6+ Kg8 34.Nh6+  1-0

[Event "Titled Tue 16th Sep 2025"]
[Site "chess.com INT"]
[Date "2025.09.16"]
[Round "9"]
[White "Waldhausen Gordon,Frederick"]
[Black "Nakamura,Hi"]
[Result "0-1"]
[WhiteElo "2389"]
[BlackElo "2807"]

1.e4 c5 2.Nf3 e6 3.c3 Nf6 4.e5 Nd5 5.d4 cxd4 6.cxd4 d6 7.exd6 Bxd6 8.Bd3 b6
9.Nc3 Bb7 10.O-O Nd7 11.Ne4 Be7 12.Bg5 O-O 13.Bxe7 Qxe7 14.Qd2 Rfd8 15.Rfe1 Qb4
16.Rad1 Qxd2 17.Rxd2 Nf8 18.a3 Rac8 19.h3 Ng6 20.g3 Nge7 21.Kg2 Nf5 22.Bb1 Nde7
23.Red1 Bd5 24.Nc3 Bb3 25.Re1 Nd6 26.Bd3 Nc6 27.Ba6 Rb8 28.Ne5 Ne7 29.Bd3 b5
30.Ra1 a5 31.Nf3 Nd5 32.Ne4 Nxe4 33.Bxe4 Nf6 34.Bd3 Bd5 35.Be2 Rdc8 36.Kf1 Ne4
37.Rdd1 Rc2 38.Rab1 Ba2 39.Rbc1 Rxb2 40.Ne5 Bd5 41.Nd7 Rd8 42.Nb6 Bb3 43.Rd3 b4
44.axb4 axb4 45.Ke1 h6 46.g4 Bc2 47.Re3 Rxd4 48.Nc4 Ra2 49.f3 Nc3 50.Bf1 Rd1+
51.Rxd1 Nxd1 52.Re5 b3 53.Rb5 b2 54.Nd2 Nc3 55.Rb8+ Kh7 56.Bc4 Ra1+ 57.Kf2 b1=Q
58.Nxb1 Rxb1 59.Rd8 Rb4 60.Bf1 Bg6 61.Kg3 Nd5 62.Bg2 h5 63.Bf1 hxg4 64.hxg4 Rb3
65.Bc4 Rc3 66.Bxd5 Rd3 67.Kf4 Rxd5 68.Ra8 e5+ 69.Ke3 Rd3+ 70.Ke2 e4 71.fxe4 Rd4  0-1

[Event "Titled Tue 16th Sep 2025"]
[Site "chess.com INT"]
[Date "2025.09.16"]
[Round "10"]
[White "Nakamura,Hi"]
[Black "Szpar,Milosz"]
[Result "1-0"]
[WhiteElo "2807"]
[BlackElo "2499"]

1.c4 e6 2.Nf3 d5 3.e3 Nf6 4.Nc3 a6 5.b3 b6 6.cxd5 exd5 7.Bb2 Bd6 8.g3 O-O
9.Bg2 Re8 10.O-O Bb7 11.a3 Nbd7 12.b4 Nf8 13.Nd4 Ne6 14.Nce2 Bf8 15.Rc1 Ng5
16.Nb3 Nfe4 17.d3 Nd6 18.Nf4 c6 19.Nd4 Qd7 20.h4 Ne6 21.Qg4 Rad8 22.Bh3 f5
23.Nxf5 Nxf4 24.Qxf4 Nxf5 25.Bxf5 Qf7 26.Bxh7+  1-0

[Event "Titled Tue 16th Sep 2025"]
[Site "chess.com INT"]
[Date "2025.09.16"]
[Round "11"]
[White "Terry,R"]
[Black "Nakamura,Hi"]
[Result "0-1"]
[WhiteElo "2508"]
[BlackElo "2807"]

1.d4 b6 2.e4 Bb7 3.Nc3 e6 4.e5 d6 5.Qg4 h5 6.Qf4 Ne7 7.Nf3 Qd7 8.Bb5 Nbc6
9.exd6 cxd6 10.d5 exd5 11.Ng5 f6 12.Nf3 a6 13.Be2 Ne5 14.O-O h4 15.h3 O-O-O
16.Na4 Qc6 17.Be3 d4 18.Qxd4 Nf5 19.Nxb6+ Kc7 20.Nd5+ Qxd5 21.Qb6+ Kc8 22.Rfd1 Qc6
23.Qa7 Nxe3 24.Qxe3 Be7 25.Rd4 g5 26.Rad1 Rhe8 27.Qb3 Bf8 28.Rb4 Nd7 29.Bf1 Nc5
30.Qc3 d5 31.Nd4 Qc7 32.Qf3 Ne4 33.Rb3 Bc5 34.c3 Qf4 35.Qe2 Bd6 36.Nf3 Nc5
37.Qc2 Nxb3 38.Qxb3 Bc5 39.Nd4 Bd6 40.Nf3 g4 41.hxg4 h3 42.Qb6 Bc7 43.Qc5 Qxg4
44.Rd4 Re4 45.Qa7 hxg2 46.Bxa6 Bh2+ 47.Kxh2 g1=Q+ 48.Nxg1 Rh8+ 49.Nh3 Rxh3+  0-1

[Event "Titled Tue 23rd Sep 2025"]
[Site "chess.com INT"]
[Date "2025.09.23"]
[Round "1"]
[White "Momunaliev,Ruslan"]
[Black "Nakamura,Hi"]
[Result "0-1"]
[WhiteElo "2126"]
[BlackElo "2807"]

1.e4 g6 2.d4 c6 3.Nc3 d5 4.Be3 dxe4 5.Nxe4 Nf6 6.Nxf6+ exf6 7.Qd2 Bg7 8.h4 h5
9.O-O-O Be6 10.Ne2 O-O 11.Kb1 Nd7 12.Nf4 Bf5 13.f3 Re8 14.Bd3 Nb6 15.Rde1 Qd7
16.Rhg1 Re7 17.g4 hxg4 18.Bxf5 Qxf5 19.fxg4 Qb5 20.Qd3 Rae8 21.Qxb5 cxb5
22.Bf2 Bh6 23.g5 Rxe1+ 24.Bxe1 fxg5 25.Nd3 gxh4 26.Bxh4 Nc4 27.Bg5 Nd2+ 28.Bxd2 Bxd2
29.c3 Kg7 30.Kc2 Re2 31.Kd1 Rh2 32.Rf1 Bg5 33.Rf2 Rxf2 34.Nxf2 f5 35.Ke2 Be7
36.Nd1 Kf6 37.Ne3 Bd6 38.b3 g5 39.c4 bxc4 40.bxc4 b6 41.Nd5+ Ke6 42.Nc3 g4
43.Nb5 Bb8 44.d5+ Ke5 45.d6 Bxd6 46.Nxa7 f4 47.Nc6+ Ke4 48.Kf2 f3 49.a4 g3+
50.Kg1 Bc5+  0-1

[Event "Titled Tue 23rd Sep 2025"]
[Site "chess.com INT"]
[Date "2025.09.23"]
[Round "2"]
[White "Nakamura,Hi"]
[Black "Rosen,E"]
[Result "1-0"]
[WhiteElo "2807"]
[BlackElo "2377"]

1.e4 c5 2.c3 d5 3.exd5 Qxd5 4.Nf3 Nf6 5.Na3 e6 6.d4 Nc6 7.Be3 cxd4 8.Nb5 Qd8
9.Nbxd4 Nd5 10.Bd3 Nxe3 11.fxe3 Bd7 12.Qe2 Qb6 13.O-O-O Rc8 14.Rhf1 Be7 15.Nxc6 Bxc6
16.Ne5 O-O 17.Kb1 Qc5 18.Nxc6 Rxc6 19.Rf4 Rb6 20.Bc4 Bg5 21.Re4 Bf6 22.Bb3 a5
23.Rc4 Qe5 24.h4 Ra8 25.h5 g6 26.g4 Bg5 27.Rd3 Kg7 28.Rcd4 Qg3 29.Bd1 a4
30.Bxa4 Rba6 31.Bb3 Qg1+ 32.Kc2 Rc6 33.Rd7 b5 34.Qf3 Kh6 35.Qxc6 Qg2+ 36.Qxg2  1-0

[Event "Titled Tue 23rd Sep 2025"]
[Site "chess.com INT"]
[Date "2025.09.23"]
[Round "3"]
[White "Galchenko,Matvey"]
[Black "Nakamura,Hi"]
[Result "0-1"]
[WhiteElo "2435"]
[BlackElo "2807"]

1.e4 d5 2.exd5 Qxd5 3.Nc3 Qd8 4.d4 Nf6 5.Nf3 a6 6.Bd3 b6 7.O-O Bb7 8.Re1 e6
9.Ne5 Nbd7 10.Bg5 Be7 11.Qe2 O-O 12.Rad1 Nd5 13.Bxe7 Nxe7 14.Bc4 Nxe5 15.dxe5 Qe8
16.Bd3 Ng6 17.Qg4 Qe7 18.g3 Rad8 19.h4 Qc5 20.Qg5 h6 21.Qe3 Qb4 22.Rb1 Qg4
23.Be4 Bxe4 24.Qxe4 Qxe4 25.Rxe4 Rd2 26.Rc1 Rfd8 27.Kf1 h5 28.Ke1 R2d4 29.Re2 Ne7
30.Rd1 Nc6 31.f4 Rxd1+ 32.Nxd1 Nd4 33.Rf2 Nf5 34.Rf3 Kf8 35.c3 f6 36.exf6 gxf6
37.Nf2 Kf7 38.Ke2 Nd6 39.Rd3 Rg8 40.Kf3 Ke7 41.Ne4 Ne8 42.b4 Nd6 43.a4 Ra8
44.Rd4 a5 45.b5 Rc8 46.Nd2 c6 47.c4 cxb5 48.cxb5 Rc3+ 49.Kf2 Rc2 50.Ke1 Nf5
51.Rd3 Nd6 52.Kd1 Ra2 53.Rd4 Ra3 54.Nf1 Nf5 55.Rc4 Ra1+ 56.Ke2 Rxf1 57.Rc7+ Kd8
58.Rc6 Nxg3+ 59.Ke3 Ra1 60.Rxb6 Kd7 61.Kf2 Ne4+ 62.Ke3 Nd6 63.Ra6 Rxa4 64.b6 Rb4
65.Kd3 Nb7 66.Ra7 Kc6 67.Ra8 Kxb6 68.Rg8 Nc5+ 69.Ke3 Re4+ 70.Kf3 a4 71.Kg2 a3
72.Rh8 Ra4 73.Rb8+ Kc6 74.Rb1 a2 75.Ra1 Nb3 76.Re1 a1=Q 77.Rxa1 Rxa1 78.f5 Ra5
79.fxe6 Re5 80.Kf3 Kd6 81.Kf4 Ke7 82.Kg3 Kxe6 83.Kf3 Nc5 84.Kf4 Re4+ 85.Kf3 Kf5
86.Kg3 Rg4+ 87.Kf2 Ne4+ 88.Kf3 Rxh4 89.Ke3 Rg4 90.Kd4 h4 91.Kc4 h3 92.Kd4 h2
93.Ke3 h1=Q 94.Kd4 Qf3 95.Kc4 Qc3+ 96.Kd5 Qc5+  0-1

[Event "Titled Tue 23rd Sep 2025"]
[Site "chess.com INT"]
[Date "2025.09.23"]
[Round "4"]
[White "Nakamura,Hi"]
[Black "Zhigalko,S"]
[Result "1-0"]
[WhiteElo "2807"]
[BlackElo "2572"]

1.c4 e5 2.Nc3 Nf6 3.g3 c6 4.d4 exd4 5.Qxd4 Na6 6.Bg2 Bc5 7.Qd2 O-O 8.e3 d5
9.cxd5 Nxd5 10.Nxd5 cxd5 11.Ne2 d4 12.exd4 Bb4 13.Nc3 Re8+ 14.Kf1 Bf5 15.h3 Qd7
16.Kg1 Rad8 17.a3 Bf8 18.Kh2 Nc5 19.Qd1 Nd3 20.Be3 Nxb2 21.Qb3 Nd3 22.Qxb7 Bxh3
23.Rhb1 Bxg2 24.Qxd7 Rxd7 25.Kxg2 Rc8 26.Rb3 Rdc7 27.Nd5 Rd7 28.Nc3 Rdc7
29.Ne2 Rc2 30.Kf3 Nb2 31.Nf4 Nc4 32.Rb7 a5 33.Nd5 Nxa3 34.Nb6 Rb2 35.d5 Rd8
36.Ra7 Nc2 37.Nc4 Rb4 38.Nxa5 Nxa1 39.Nc6 Rbb8 40.Nxb8 Rxb8 41.Rxa1 f5 42.Bf4 Rd8
43.Ra5 Kf7 44.Ra7+ Kg6 45.Ra5 Kf7 46.Bg5 Be7 47.Ra7  1-0

[Event "Titled Tue 23rd Sep 2025"]
[Site "chess.com INT"]
[Date "2025.09.23"]
[Round "5"]
[White "Esipenko,Andrey"]
[Black "Nakamura,Hi"]
[Result "0-1"]
[WhiteElo "2687"]
[BlackElo "2807"]

1.e4 e5 2.Nf3 Nc6 3.Bc4 Nf6 4.d3 h6 5.a3 Bc5 6.Be3 Bb6 7.h3 O-O 8.O-O d6
9.Nbd2 Ne7 10.Nh4 d5 11.exd5 Nexd5 12.Bxb6 Nxb6 13.Bb3 Re8 14.Re1 Be6 15.Qf3 c6
16.Nf5 Bxb3 17.Nxb3 h5 18.Nc5 Rb8 19.Ne4 Nxe4 20.Rxe4 Nd5 21.Rae1 Qf6 22.Nh4 Qg5
23.Qg3 Qxg3 24.fxg3 f6 25.d4 Re6 26.dxe5 Rbe8 27.Nf3 f5 28.R4e2 g6 29.Kf2 R6e7
30.c4 Nb6 31.b3 a5 32.e6 Kg7 33.Ng5 Kf6 34.h4 a4 35.c5 Nd5 36.bxa4 Ra8 37.Rb1 Nc3
38.Rb3 Nxe2 39.Kxe2 Rxa4 40.Rd3 Rc4 41.Rd8 Rxc5 42.Rf8+ Ke5 43.Kf3 Rc3+ 44.Kf2 Rxa3
45.Rg8 b5 46.Rxg6 b4 47.Nf7+ Kd5 48.Ng5 b3 49.Rg8 Rb7 50.Rd8+ Ke5 51.Rd7 Rxd7
52.exd7 Ra8  0-1

[Event "Titled Tue 23rd Sep 2025"]
[Site "chess.com INT"]
[Date "2025.09.23"]
[Round "6"]
[White "Nakamura,Hi"]
[Black "Caruana,F"]
[Result "1-0"]
[WhiteElo "2807"]
[BlackElo "2789"]

1.e4 c5 2.Nf3 Nc6 3.c3 Nf6 4.Bd3 d5 5.e5 Nd7 6.Bb5 Ndb8 7.d4 a6 8.Be2 Bg4
9.Be3 e6 10.Nbd2 Nd7 11.O-O Be7 12.Ne1 Bxe2 13.Qxe2 O-O 14.Qg4 f5 15.exf6 Rxf6
16.Rd1 cxd4 17.cxd4 e5 18.dxe5 Ndxe5 19.Qe2 Qe8 20.Ndf3 Nxf3+ 21.Nxf3 Rd8
22.Bg5 Rf7 23.Rfe1 h6 24.Bd2 Qd7 25.Qe6 Qxe6 26.Rxe6 Bf6 27.b3 d4 28.g3 Rfd7
29.Re4 Rd5 30.Rc1 Kf7 31.Kf1 d3 32.Rcc4 R8d7 33.Ke1 Rf5 34.Rf4 Rxf4 35.Bxf4 g5
36.Be3 Rd6 37.Kd1 b5 38.Rc5 Nb4 39.Rc7+ Kg6 40.Bc5 Rc6 41.Rxc6 Nxc6 42.Kd2 g4
43.Ne1 Ne5 44.Nxd3 Nf3+ 45.Ke2 Nxh2 46.Nb4 a5 47.Nc6 Nf3 48.Nxa5 Kf5 49.Nc6 Ke4
50.Na7 Kd5 51.Be3 b4 52.Bxh6 Nd4+ 53.Kd3 Ne6 54.Be3 Bd8 55.Nb5 Bf6 56.a4 bxa3
57.Nxa3 Be7 58.Nc4 Bc5 59.Nd2 Be7 60.Ne4 Nc7 61.Nc3+ Kc6 62.Kc4 Ne8 63.Ne4 Ng7
64.b4 Nf5 65.b5+ Kd7 66.Bc5 Bd8 67.Kd5  1-0

[Event "Titled Tue 23rd Sep 2025"]
[Site "chess.com INT"]
[Date "2025.09.23"]
[Round "9"]
[White "Naroditsky,D"]
[Black "Nakamura,Hi"]
[Result "0-1"]
[WhiteElo "2619"]
[BlackElo "2807"]

1.e4 c5 2.Nc3 a6 3.g3 g6 4.Bg2 Bg7 5.d3 Nc6 6.f4 d6 7.Nf3 Nh6 8.O-O O-O 9.f5 gxf5
10.Nh4 fxe4 11.Bxh6 Bxh6 12.Qh5 Kg7 13.Nxe4 Ne5 14.Rf5 Ng6 15.Raf1 f6 16.Bh3 Nxh4
17.Qxh4 Bxf5 18.Rxf5 e6 19.Rh5 f5 20.Ng5 Qf6 21.Qf4 Bxg5 22.Rxg5+ Kh8 23.c3 Rae8
24.Rh5 e5 25.Qf3 e4 26.Qf4 e3 27.Bxf5 Re7 28.Kf1 d5 29.Ke2 d4 30.c4 Qb6 31.b3 Qa5
32.Qh6 Qd2+ 33.Kf3 Qf2+ 34.Kg4 Rg7+ 35.Bg6 Rf6 36.Kh3 Rfxg6 37.Qf4 Qxf4 38.gxf4 Re7
39.Re5 Rxe5  0-1

[Event "Titled Tue 23rd Sep 2025"]
[Site "chess.com INT"]
[Date "2025.09.23"]
[Round "10"]
[White "Nakamura,Hi"]
[Black "Drygalov,Sergey"]
[Result "1-0"]
[WhiteElo "2807"]
[BlackElo "2560"]

1.e4 c5 2.Nf3 d6 3.c3 Nf6 4.Bd3 g6 5.Bc2 Bg7 6.d4 O-O 7.O-O Bg4 8.Nbd2 cxd4
9.cxd4 Nc6 10.h3 Bd7 11.Re1 Rc8 12.a3 b5 13.Bd3 Qb6 14.Nb3 Na5 15.Nxa5 Qxa5
16.Bd2 Qb6 17.Bg5 h6 18.Be3 d5 19.e5 Ne4 20.Nd2 Qb7 21.Nb3 Bf5 22.f3 Ng3
23.Nc5 Qb6 24.Bf2 Bxd3 25.Qxd3 Nh5 26.Nd7 Qe6 27.Nxf8 Rxf8 28.Rac1 Nf4 29.Qd2 Qf5
30.g4 Nxh3+ 31.Kg2 Nf4+ 32.Kg3 Nh5+ 33.gxh5 Qxh5 34.Rh1 Qf5 35.Be3 f6 36.Qc2 fxe5
37.Qxf5 Rxf5 38.Bxh6 Bf6 39.dxe5 Bxe5+ 40.Kg4 Bxb2 41.Rc7 Bf6 42.Rxa7 d4
43.Rd7 Kf7 44.f4 Ke6 45.Rd8 Rd5 46.Re1+  1-0